Life-sentenced prisoners, crime victims, and the multidialog of parole

This study examined the dynamics of communication between prisoners sentenced for life (lifers), their victims, and parole boards. Against the backdrop of penal dialogue imagined by penal theorists, we analyzed the narratives of lifers and of their victims during parole hearings in Israel, to explor...

Ausführliche Beschreibung

Gespeichert in:  
Bibliographische Detailangaben
VerfasserInnen: Dagan, Netanel (Verfasst von) ; Dancig-Rosenberg, Hadar (Verfasst von)
Medienart: Elektronisch Aufsatz
Sprache:Englisch
Veröffentlicht: 2025
In: Punishment & society
Jahr: 2025, Band: 27, Heft: 5, Seiten: 1078-1097
Online-Zugang: Volltext (lizenzpflichtig)
Verfügbarkeit prüfen: HBZ Gateway
Schlagwörter:

MARC

LEADER 00000caa a22000002c 4500
001 1940619203
003 DE-627
005 20251217141906.0
007 cr uuu---uuuuu
008 251107s2025 xx |||||o 00| ||eng c
024 7 |a 10.1177/14624745251360346  |2 doi 
035 |a (DE-627)1940619203 
035 |a (DE-599)KXP1940619203 
040 |a DE-627  |b ger  |c DE-627  |e rda 
041 |a eng 
084 |a 2,1  |2 ssgn 
100 1 |a Dagan, Netanel  |e VerfasserIn  |0 (DE-588)1312390484  |0 (DE-627)187214702X  |4 aut 
109 |a Dagan, Netanel 
245 1 0 |a Life-sentenced prisoners, crime victims, and the multidialog of parole 
264 1 |c 2025 
336 |a Text  |b txt  |2 rdacontent 
337 |a Computermedien  |b c  |2 rdamedia 
338 |a Online-Ressource  |b cr  |2 rdacarrier 
520 |a This study examined the dynamics of communication between prisoners sentenced for life (lifers), their victims, and parole boards. Against the backdrop of penal dialogue imagined by penal theorists, we analyzed the narratives of lifers and of their victims during parole hearings in Israel, to explore the construction of a multi-dialogue between prisoners, victims, and parole boards. Our findings reveal that both lifers and victims predominantly framed the crime and its aftermath in personal rather than public terms. Lifers expressed persistent internal anguish, the perceived impossibility of self-forgiveness, and the enduring memory of their victims. Victims emphasized private harm, concerns about the risk that perpetrators still present, and the imperative of commemorating the deceased. We critically assessed whether these narratives challenged or complemented the assumptions of the communicative theory of punishment, which advocates a formal censure-oriented, public-focused penal dialogue culminating in reconciliation. This research investigates possible gaps between communicative ideals and penal realities concerning life imprisonment and uncovers the potential inherent in parole hearings as a communicative penal forum. 
650 4 |a Punishment 
650 4 |a Murder 
650 4 |a penal communication 
650 4 |a life-sentenced prisoners 
650 4 |a Victims 
650 4 |a Parole 
700 1 |a Dancig-Rosenberg, Hadar  |e VerfasserIn  |0 (DE-588)1379198046  |0 (DE-627)193880452X  |4 aut 
773 0 8 |i Enthalten in  |t Punishment & society  |d London [u.a.] : Sage, 1999  |g 27(2025), 5, Seite 1078-1097  |h Online-Ressource  |w (DE-627)302467211  |w (DE-600)1491224-7  |w (DE-576)079719708  |x 1741-3095  |7 nnas 
773 1 8 |g volume:27  |g year:2025  |g number:5  |g pages:1078-1097 
856 4 0 |u https://doi.org/10.1177/14624745251360346  |x Resolving-System  |z lizenzpflichtig  |3 Volltext  |7 1 
935 |a mkri 
951 |a AR 
ELC |a 1 
LOK |0 000 xxxxxcx a22 zn 4500 
LOK |0 001 4798081590 
LOK |0 003 DE-627 
LOK |0 004 1940619203 
LOK |0 005 20251107043607 
LOK |0 008 251107||||||||||||||||ger||||||| 
LOK |0 035   |a (DE-2619)KrimDok#2025-11-06#26DB89C68473AA8F9CADD87D66BA593CFC959F95 
LOK |0 040   |a DE-2619  |c DE-627  |d DE-2619 
LOK |0 092   |o n 
LOK |0 852   |a DE-2619 
LOK |0 852 1  |9 00 
LOK |0 935   |a zota 
LOK |0 939   |a 07-11-25  |b l01 
ORI |a SA-MARC-krimdoka001.raw